Statistics for Staff Members of the Springfield Nuclear Power Plant -Abridged

Click here to take the quiz!

General Stats

  • This quiz has been taken 24 times
  • The average score is 7 of 14

Answer Stats

Answer% Correct
Homer Simpson
100%
Karl
89%
Lenny Leonard
84%
Waylon Smithers
84%
Carl Carlson
79%
Charles Montgomery Burns
58%
Frank Grimes
47%
Mindy Simmons
42%
Marge Simpson
37%
{Inanimate} Carbon {Rod}
26%
Waylon Smithers Sr.
11%
Tibor
5%
Zutroy
5%
Larry Burns
0%

Score Distribution

Percentile by Number Answered

Percent of People with Each Score

Your Score History

You have not taken this quiz